000 00607nam a2200205Ia 4500
005 20260601193256.0
008 260601s9999||||xx |||||||||||||| ||und||
020 _a978-3-031-71552-5
_qebk
100 _aFranco Bagnoli
245 0 _aCellular Automata
250 _a2024
260 _aHeidelberg, Germany
_bSpringer Nature
_c2024
440 _aLecture Notes in Computer Science
650 _aComputer Science
700 _aJan Baetens
700 _aStefania Bandini
700 _aTommaso Matteuzzi
856 _uhttps://link.springer.com/openurl?genre=book&isbn=978-3-031-71552-5
942 _cEB
_2ddc
999 _c56883
_d56883